000 00715cam a2200265 4500500
005 20260329005354.0
041 _afre
042 _adc
100 1 0 _aNathan, Tobie
_eauthor
245 0 0 _aCandida Auris. Spores de peur
260 _c2023.
500 _a58
690 _aChampignon
690 _aÉpidémie
690 _aJeu vidéo
690 _aMédecine
690 _aParasite
690 _aPeur
690 _aRécit
690 _aSéries télé
690 _aTobie Nathan
690 _aZombie
786 0 _nPhilosophie magazine | 170 | 6 | 2023-06-01 | p. 14-14 | 1951-1787
856 4 1 _uhttps://shs.cairn.info/magazine-philosophie-magazine-2023-6-page-13?lang=fr&redirect-ssocas=7080
999 _c1842771
_d1842771